| 000 | 00483nam a22001457a 4500 | ||
|---|---|---|---|
| 020 | _a- | ||
| 082 | _a378.1662 IDR | ||
| 100 | _aIdress, Muhammad | ||
| 245 | _aGAT GENERAL: HEC Scholarships, M.Phil, P.hd (Local & Foreign Institutions) | ||
| 260 |
_aLahore _bDogar Brothers _c2016 |
||
| 300 | _a472 p. | ||
| 500 | _aIncludes index | ||
| 650 | _a Graduate Record Examination --Study guides. | Universities and colleges --United States --Graduate work --Examinations. | ||
| 942 | _cBK | ||
| 999 |
_c491105 _d491105 |
||